Գարիբալդի : (Record no. 120052)
[ view plain ]
| 000 -LEADER | |
|---|---|
| fixed length control field | 00845nam a2200217 a 4500 |
| 001 - CONTROL NUMBER | |
| control field | 000322677 |
| 005 - DATE AND TIME OF LATEST TRANSACTION | |
| control field | 20250618072035.0 |
| 003 - CONTROL NUMBER IDENTIFIER | |
| control field | AM-YEHGA |
| 008 - FIXED-LENGTH DATA ELEMENTS--GENERAL INFORMATION | |
| fixed length control field | 040330s1895 enk 000 | arm d |
| 040 ## - CATALOGING SOURCE | |
| Original cataloging agency | AM-YeHGA |
| 041 1# - LANGUAGE CODE | |
| Language code of text/sound track or separate title | arm |
| Language code of original | ita |
| 090 ## - LOCALLY ASSIGNED LC-TYPE CALL NUMBER (OCLC); LOCAL CALL NUMBER (RLIN) | |
| -- | 121403 |
| 245 00 - TITLE STATEMENT | |
| Title | Գարիբալդի : |
| Remainder of title | Իր կեանքի պատմութիւնը : Համաձայն վաւերական վկայութիւնների եւ անտիպ յիշողութիւնների / |
| Statement of responsibility, etc. | Թարգմ. իտալ.՝ Հ. Խ. |
| 260 ## - PUBLICATION, DISTRIBUTION, ETC. | |
| Place of publication, distribution, etc. | Լօնդօն : |
| Name of publisher, distributor, etc. | տպ. Հնչակի, |
| Date of publication, distribution, etc. | 1895. |
| 300 ## - PHYSICAL DESCRIPTION | |
| Extent | X, 177 էջ : |
| Other physical details | դիմանկ. ; |
| Dimensions | 18 սմ. |
| 440 #0 - SERIES STATEMENT/ADDED ENTRY--TITLE | |
| Title | Ժողովրդական գրադարան |
| Volume/sequential designation | գրքոյկ 2 |
| 9 (RLIN) | 5644 |
| 600 14 - SUBJECT ADDED ENTRY--PERSONAL NAME | |
| Personal name | Գարիբալդի, Յովսէփ |
| 650 14 - SUBJECT ADDED ENTRY--TOPICAL TERM | |
| Topical term or geographic name entry element | Պատմություն |
| Geographic subdivision | Իտալիա |
| 700 0# - ADDED ENTRY--PERSONAL NAME | |
| Personal name | Հ. Խ. |
| Relator term | թարգմ. |
| Relationship | trl |
| 942 ## - ADDED ENTRY ELEMENTS (KOHA) | |
| Source of classification or shelving scheme | Universal Decimal Classification |
| Koha item type | Գրքեր / Books |
| Withdrawn status | Lost status | Source of classification or shelving scheme | Damaged status | Not for loan | Collection | Home library | Current library | Date acquired | Total checkouts | Full call number | Barcode | Date last seen | Price effective from | Koha item type | Public note |
|---|---|---|---|---|---|---|---|---|---|---|---|---|---|---|---|
| Universal Decimal Classification | Pogharian Individual Collection | Fundamental Scientific Library | Fundamental Scientific Library | 22/12/2016 | Պող/967 | FL0328579 | 22/12/2016 | 22/12/2016 | Գրքեր / Books | ILL Non-Circ. | |||||
| Universal Decimal Classification | General | Fundamental Scientific Library | Fundamental Scientific Library | 31/05/2019 | AI/21421 | FL0558934 | 31/05/2019 | 31/05/2019 | Գրքեր / Books | 30 Days Loan | |||||
| Alpoiajian Individual Collection | Fundamental Scientific Library | Fundamental Scientific Library | 28/09/2022 | Ալպ/4522 | FL0677077 | 28/09/2022 | 28/09/2022 | Գրքեր / Books | ILL Non-Circ. |
ՀՀ Գիտությունների ազգային ակադեմիայի հիմնարար գիտական գրադարան = Fundamental Scientific Library of NAS RA
All site content, except where otherwise noted, is licensed under a